Представление документа в формате RUSMARC

Поле Инд. ПП Название Значение
Тип записи a
Библиографический уровень a
001 Контрольный номер cea94ec7e8df4d0f8901349e1ae3e6a2
005 Дата корректировки 20191010134342.7
100 a Данные общей обработки 20191010 ||| 0rusy0189 ca
101 0_ a Язык текста rus
102 a Страна публикации RU
200 1_ f Первые сведения об ответственности О.В. Николайченко
a Заглавие Функции российских судов в реализации примирительных процедур
b Общее обозначение материала Текст
210 1_ d Дата издания 2019
461 _0 1 2000
a Российская юстиция
463 _0 1 2000
a № 6
v С. 58-61
1 2101
d 2019
1 001e743adf5b57b4281beea2086c472ba79
606 a Основная рубрика Гражданское процессуальное право
610 0_ a Ключевые слова ПРИМИРЕНИЕ
a Ключевые слова МЕДИАЦИЯ
a Ключевые слова СУДОПРОИЗВОДСТВО
a Ключевые слова АЛЬТЕРНАТИВНОЕ РАЗРЕШЕНИЕ СПОРОВ
700 _1 a Фамилия Николайченко
b Имя О.В.
801 _0 a Страна RU
b Организация РГУП
c Дата составления 20191010
g Правила каталогизации PSBO
801 _1 a Страна RU
b Организация РГУП
c Дата составления 20191010
g Правила каталогизации PSBO
901 t Тип документа b
w Контрольный № источника e743adf5b57b4281beea2086c472ba79
905 a Дата ввода 20191010